[Event "34th Zalakaros Open 2015"]
[Site "Zalakaros HUN"]
[Date "2015.05.18"]
[Round "5.14"]
[White "Kreisl, Robert"]
[Black "Donchenko, Alexander"]
[Result "1-0"]
[WhiteTitle "IM"]
[BlackTitle "IM"]
[WhiteElo "2420"]
[BlackElo "2570"]
[WhiteFideId "1613880"]
[BlackFideId "24603295"]
[EventDate "2015.05.14"]
[EventType "swiss"]

1. Nf3 c5 2. c4 Nc6 3. d4 cxd4 4. Nxd4 Nf6 5. Nc3 e6 6. g3 Qb6 7. Ndb5 Ne5 8.
Bf4 Nfg4 9. Qa4 Be7 10. h3 g5 11. hxg4 gxf4 12. gxf4 Nxg4 13. e3 Kf8 14. Be2 Nf6
15. O-O-O d6 16. Qc2 Bd7 17. Nd4 Rc8 18. Kb1 Bc6 19. Nxc6 bxc6 20. f5 Rb8 21.
fxe6 fxe6 22. Rd2 Qa5 23. Ka1 Rg8 24. Bf3 Rb6 25. Rd4 h5 26. Rf4 Ke8 27. Na4 Rb4
28. Bxc6+ Kd8 29. Bb5 a6 30. Bc6 Kc7 31. a3 Rbb8 32. Bf3 Rg5 33. Nc3 Qe5 34. Qa4
Rb6 35. c5 dxc5 36. Qa5 Nd5 37. Na4 Qd6 38. Rf7 Kd7 39. Nxb6+ 1-0

[Event "34th Zalakaros Open 2015"]
[Site "Zalakaros HUN"]
[Date "2015.05.18"]
[Round "5.15"]
[White "Romanishin, Oleg M"]
[Black "Horvath, Csaba"]
[Result "1/2-1/2"]
[WhiteTitle "GM"]
[BlackTitle "GM"]
[WhiteElo "2466"]
[BlackElo "2549"]
[WhiteFideId "14100088"]
[BlackFideId "700118"]
[EventDate "2015.05.14"]
[EventType "swiss"]

1. Nf3 Nf6 2. g3 d5 3. Bg2 e6 4. O-O Be7 5. c4 O-O 6. d4 c6 7. Nc3 Nbd7 8. Bf4
Nh5 9. Bd2 Nhf6 10. Bf4 Nh5 11. Bd2 Nhf6 12. c5 b6 13. b4 a5 14. a3 Ba6 15. Qc2
Bc4 16. Bf4 Nh5 17. Be3 f5 18. Nd2 Ba6 19. f4 g5 1/2-1/2

[Event "34th Zalakaros Open 2015"]
[Site "Zalakaros HUN"]
[Date "2015.05.18"]
[Round "5.16"]
[White "Horvath, Adam1"]
[Black "Korpa, Bence"]
[Result "1-0"]
[WhiteTitle "GM"]
[BlackTitle "IM"]
[WhiteElo "2528"]
[BlackElo "2435"]
[WhiteFideId "708003"]
[BlackFideId "706671"]
[EventDate "2015.05.14"]
[EventType "swiss"]

1. e4 c5 2. Nf3 e6 3. d4 cxd4 4. Nxd4 Nc6 5. Nc3 Qc7 6. Be2 Nf6 7. O-O a6 8. Be3
Bb4 9. Na4 Be7 10. Nxc6 bxc6 11. Nb6 Rb8 12. Nxc8 Qxc8 13. Bd4 Qc7 14. e5 Nd5
15. c4 Nf4 16. Bf3 c5 17. Bc3 O-O 18. Re1 Ng6 19. Qd2 f6 20. Rad1 Nxe5 21. Bxe5
fxe5 22. Qxd7 Qxd7 23. Rxd7 Bh4 24. b3 Rbd8 25. Rxd8 Rxd8 26. Rxe5 Rd2 27. g3
Bf6 28. Rxe6 Bd4 29. Re2 Rxe2 30. Bxe2 g5 31. Kg2 Kf7 32. Kf3 Ke6 33. Kg4 Bxf2
34. Kxg5 Be3+ 35. Kg4 Bd2 36. Bd3 h6 37. Kh5 Kf6 38. h4 a5 39. g4 Bc1 40. Bc2
Bd2 41. Bd3 Be3 42. Bb1 Bd2 43. Bc2 Be3 44. a4 Kg7 45. b4 cxb4 46. g5 hxg5 47.
hxg5 Kf7 48. Bb3 Ke7 49. Ba2 Kf8 50. Kg6 Ke7 51. Kf5 Bd2 52. c5 Bc3 53. Ke4 Kd7
54. Kd5 Kc7 55. Bb3 Bg7 56. Bc2 Bf8 57. g6 Bg7 58. Kc4 Bf6 59. Kb5 Bc3 60. Bb3 1-0

[Event "34th Zalakaros Open 2015"]
[Site "Zalakaros HUN"]
[Date "2015.05.18"]
[Round "5.17"]
[White "Farkas, Richard"]
[Black "Antal, Gergely"]
[Result "0-1"]
[BlackTitle "GM"]
[WhiteElo "2265"]
[BlackElo "2511"]
[WhiteFideId "703850"]
[BlackFideId "717312"]
[EventDate "2015.05.14"]
[EventType "swiss"]

1. e4 c6 2. d4 d5 3. Nc3 dxe4 4. Nxe4 Bf5 5. Nc5 e5 6. Nxb7 Qb6 7. Nc5 Bxc5 8.
dxc5 Qxc5 9. Bd3 e4 10. Bf1 Nf6 11. c3 Nd5 12. Ne2 O-O 13. Qd4 Qe7 14. Nf4 Rd8
15. Nxd5 Rxd5 16. Qa4 Nd7 17. Bc4 Nb6 18. Qb3 Nxc4 19. Qxc4 Qe6 20. Qa4 Qg6 21.
Rg1 Rad8 22. Be3 Rd3 23. b4 Bg4 24. Bd4 Qh6 25. Kf1 Qd2 26. f3 e3 27. Bxe3 Rxe3 0-1

[Event "34th Zalakaros Open 2015"]
[Site "Zalakaros HUN"]
[Date "2015.05.18"]
[Round "5.18"]
[White "Gonda, Laszlo"]
[Black "Bagi, Mate"]
[Result "1/2-1/2"]
[WhiteTitle "GM"]
[BlackTitle "FM"]
[WhiteElo "2553"]
[BlackElo "2417"]
[WhiteFideId "720852"]
[BlackFideId "742570"]
[EventDate "2015.05.14"]
[EventType "swiss"]

1. Nf3 Nf6 2. c4 g6 3. Nc3 d5 4. cxd5 Nxd5 5. Qb3 Nb6 6. d4 Bg7 7. e4 Bg4 8.
Bb5+ c6 9. Ng5 O-O 10. Be2 Bxe2 11. Nxe2 h6 12. Nf3 Na6 13. Be3 Qd6 14. O-O Qb4
15. Qc2 Rfd8 16. Rac1 e6 17. Ne5 Nd7 18. Nc4 Nb6 19. Ne5 Nd7 20. Nd3 Qe7 21. Qb3
Rab8 22. Rfd1 Nc7 23. a4 Kh7 24. f3 f5 25. Bf4 Rdc8 26. Nc5 Nxc5 27. dxc5 e5 28.
Be3 fxe4 29. fxe4 Ne8 30. h3 1/2-1/2

[Event "34th Zalakaros Open 2015"]
[Site "Zalakaros HUN"]
[Date "2015.05.18"]
[Round "5.19"]
[White "Horvath, Jozsef1"]
[Black "Kantor, Gergely"]
[Result "1/2-1/2"]
[WhiteTitle "GM"]
[BlackTitle "IM"]
[WhiteElo "2538"]
[BlackElo "2402"]
[WhiteFideId "700061"]
[BlackFideId "751499"]
[EventDate "2015.05.14"]
[EventType "swiss"]

1. c4 e5 2. Nc3 Nf6 3. Nf3 Nc6 4. a3 g6 5. e3 Bg7 6. Qc2 O-O 7. Be2 d5 8. cxd5
Nxd5 9. O-O a5 10. d3 Kh8 11. Re1 f5 12. Bd2 Be6 13. Rac1 Nb6 14. Na4 Nxa4 15.
Qxa4 g5 16. Bc3 g4 17. Nd2 f4 18. Ne4 f3 19. Bf1 fxg2 20. Bxg2 Bd5 1/2-1/2

[Event "34th Zalakaros Open 2015"]
[Site "Zalakaros HUN"]
[Date "2015.05.18"]
[Round "5.20"]
[White "Ekdyshman, Mikhail"]
[Black "Raznikov, Danny"]
[Result "0-1"]
[WhiteTitle "IM"]
[BlackTitle "IM"]
[WhiteElo "2362"]
[BlackElo "2484"]
[WhiteFideId "4149416"]
[BlackFideId "2811154"]
[EventDate "2015.05.14"]
[EventType "swiss"]

1. d4 Nf6 2. Nf3 d5 3. c4 c6 4. e3 Bf5 5. Nc3 e6 6. Bd3 Bg6 7. O-O Nbd7 8. b3
Bd6 9. Bb2 Qe7 10. Re1 Ne4 11. Bxe4 dxe4 12. Nd2 f5 13. b4 Qh4 14. Nf1 Nf6 15.
c5 Bc7 16. Ne2 Nd5 17. Qb3 Bh5 18. Neg3 Bg4 19. b5 h5 20. Bc1 Qf6 21. Nd2 h4 22.
Ngf1 Qg5 23. f4 exf3 24. e4 fxg2 25. exd5 gxf1=Q+ 26. Nxf1 f4 27. Kf2 Qxd5 28.
Qxd5 cxd5 29. Nd2 Kf7 30. Rg1 Bf5 31. Nf3 Kf6 32. Ne5 g5 33. a4 h3 34. a5 Be4
35. a6 bxa6 36. Rxa6 Bxe5 37. dxe5+ Kf5 38. Rd1 g4 39. Kg1 g3 40. Rf1 f3 0-1

[Event "34th Zalakaros Open 2015"]
[Site "Zalakaros HUN"]
[Date "2015.05.18"]
[Round "5.21"]
[White "Nemeth, Miklos1"]
[Black "Mesaros, Florian"]
[Result "1/2-1/2"]
[WhiteTitle "IM"]
[BlackTitle "FM"]
[WhiteElo "2478"]
[BlackElo "2390"]
[WhiteFideId "720232"]
[BlackFideId "1629220"]
[EventDate "2015.05.14"]
[EventType "swiss"]

1. e4 c5 2. Nf3 e6 3. c4 b6 4. Nc3 Bb7 5. Be2 Nc6 6. d4 cxd4 7. Nxd4 Qb8 8. O-O
Nf6 9. Nxc6 Bxc6 10. Qd3 Be7 11. f4 d6 12. Bf3 Nd7 13. b3 a6 14. Bb2 O-O 15.
Rad1 b5 16. cxb5 axb5 17. b4 Nb6 18. Ba1 Ra3 19. Bb2 Ra8 20. Ba1 Ra3 21. Bb2 1/2-1/2

[Event "34th Zalakaros Open 2015"]
[Site "Zalakaros HUN"]
[Date "2015.05.18"]
[Round "5.22"]
[White "Schreiner, Peter"]
[Black "Vajda, Szidonia"]
[Result "0-1"]
[WhiteTitle "IM"]
[BlackTitle "IM"]
[WhiteElo "2449"]
[BlackElo "2333"]
[WhiteFideId "1621645"]
[BlackFideId "723894"]
[EventDate "2015.05.14"]
[EventType "swiss"]

1. Nf3 d5 2. c4 c6 3. d4 Nf6 4. Nc3 e6 5. g3 dxc4 6. Bg2 b5 7. Ne5 a6 8. O-O Bb7
9. b3 cxb3 10. axb3 Be7 11. Bb2 Qb6 12. Ne4 Nbd7 13. Bc3 Nxe5 14. Ba5 Qa7 15.
dxe5 Nxe4 16. Bxe4 c5 17. Bc2 Qb8 18. f4 c4 19. h4 Qa7+ 20. Kh2 cxb3 21. Bxb3
Qe3 22. Rc1 O-O 23. Rc3 Qe4 24. Rff3 Rac8 25. Rce3 Qf5 26. Rf1 Ba3 27. Bxe6 fxe6
28. Rxa3 Qe4 29. Rff3 Rc2 30. Rae3 Qc4 31. Rf1 Rc8 32. f5 Qc6 33. Rff3 Rc1 34.
Qd6 exf5 35. g4 fxg4 36. Qxc6 Bxc6 37. Rf5 Rh1+ 38. Kg3 Rh3+ 39. Kf4 Bd7 40. e6
Rc4+ 41. Re4 Rxe4+ 42. Kxe4 Bxe6 43. Re5 Kf7 44. Rc5 Rh2 45. Rc7+ Kg8 46. Bc3
Rxe2+ 47. Kd3 Rf2 48. Rxg7+ Kf8 49. Ra7 Bf5+ 50. Kd4 g3 51. Bb4+ Ke8 52. Rg7 g2
53. Ke3 Rb2 54. Bc5 Bg6 55. Kf3 a5 56. Re7+ Kd8 57. Re1 a4 58. Bd4 a3 59. Kg3
Rd2 60. Bc5 a2 61. Be7+ Kd7 62. Bf6 b4 63. Kh2 b3 64. Re7+ Kc6 65. Re6+ Kc5 66.
Re5+ Kc4 67. Re7 b2 68. Rc7+ Kd5 69. Rd7+ Ke6 0-1

[Event "34th Zalakaros Open 2015"]
[Site "Zalakaros HUN"]
[Date "2015.05.18"]
[Round "5.23"]
[White "Torma, Robert"]
[Black "Mokal, Amruta Sunil"]
[Result "1/2-1/2"]
[WhiteTitle "IM"]
[WhiteElo "2440"]
[BlackElo "2130"]
[WhiteFideId "719030"]
[BlackFideId "5016371"]
[EventDate "2015.05.14"]
[EventType "swiss"]

1. e4 c5 2. Nf3 e6 3. g3 d5 4. exd5 exd5 5. d4 Nf6 6. Bg2 Be7 7. O-O O-O 8. dxc5
Bxc5 9. Nc3 Nc6 10. Bg5 Be6 11. Qd3 Rb8 12. a3 d4 13. Bxf6 gxf6 14. Ne4 Be7 15.
Rad1 Qb6 16. b4 Rfd8 17. Rfe1 a5 18. b5 Ne5 19. Nxf6+ Bxf6 20. Nxe5 Qc5 21. f4
Qc3 22. Be4 Qxd3 23. cxd3 Be7 24. f5 Bb3 25. Ra1 Bg5 26. Nc4 Bxc4 27. dxc4 Re8
28. Kg2 Be7 29. Bd5 Kf8 30. Re4 b6 31. Bc6 Red8 32. a4 Bb4 33. Rd1 d3 34. Kf3 d2
35. Ke2 Kg7 36. g4 Kf6 37. h4 h6 38. Rg1 Rg8 39. Bd5 Rbe8 40. Kf3 h5 41. g5+
Kxf5 42. Rf4+ Ke5 43. Bxf7 Ref8 44. g6 Rxf7 45. Rxf7 Rxg6 46. Rd1 Kd4 47. c5
bxc5 48. Rd7+ Kc4 49. R7xd2 Bxd2 50. Rxd2 Kb3 51. Rd5 c4 52. b6 Rxb6 53. Rb5+
Rxb5 54. axb5 c3 55. b6 c2 56. b7 c1=Q 57. b8=Q+ Ka3 58. Qd6+ Kb3 59. Qd5+ Kb4
60. Qb7+ Ka3 61. Qe7+ Kb3 62. Qb7+ Ka4 63. Qd7+ Ka3 64. Qe7+ Kb3 65. Qb7+ Ka3
66. Qe7+ 1/2-1/2

[Event "34th Zalakaros Open 2015"]
[Site "Zalakaros HUN"]
[Date "2015.05.18"]
[Round "5.24"]
[White "Csonka, Balazs"]
[Black "Paszewski, Mateusz"]
[Result "1/2-1/2"]
[WhiteTitle "FM"]
[WhiteElo "2433"]
[BlackElo "2200"]
[WhiteFideId "742910"]
[BlackFideId "1141058"]
[EventDate "2015.05.14"]
[EventType "swiss"]

1. d4 d5 2. Nf3 c6 3. c4 Nf6 4. Nc3 e6 5. g3 dxc4 6. Bg2 Nbd7 7. O-O b5 8. e4
Bb7 9. e5 Nd5 10. Ng5 h6 11. Nxe6 fxe6 12. Qh5+ Ke7 13. Ne4 Qe8 14. Bg5+ N5f6
15. exf6+ gxf6 16. Bxf6+ Nxf6 17. Nxf6 Qxh5 18. Nxh5 Kf7 19. a4 a6 20. axb5 axb5
21. Rxa8 Bxa8 22. Ra1 Be7 23. Nf4 Bb7 24. Bh3 Ra8 25. Bxe6+ Kf6 26. Re1 Bb4 27.
Re5 Bc8 28. Bxc8 Rxc8 29. Re6+ Kg7 30. Nh5+ Kf7 31. Rf6+ Ke7 32. Rxh6 c3 33.
bxc3 Bxc3 34. Ng7 b4 35. Nf5+ Kd7 36. d5 cxd5 37. Rd6+ Kc7 38. Rxd5 b3 39. Rc5+
Kd7 40. Rxc8 Kxc8 41. Nd6+ Kd7 42. Nc4 Ke6 43. Kf1 Kd5 44. Na3 Bb4 45. Nb1 Ke4
46. Ke2 b2 47. h4 Be7 48. Nd2+ Kd4 49. f4 Bf8 50. h5 Bh6 51. Nb1 Bf8 52. Kd2 Ke4
53. Ke2 1/2-1/2

[Event "34th Zalakaros Open 2015"]
[Site "Zalakaros HUN"]
[Date "2015.05.18"]
[Round "5.25"]
[White "Baskin, Robert"]
[Black "Onischuk, Vladimir"]
[Result "0-1"]
[WhiteTitle "FM"]
[BlackTitle "GM"]
[WhiteElo "2333"]
[BlackElo "2669"]
[WhiteFideId "24662402"]
[BlackFideId "14114038"]
[EventDate "2015.05.14"]
[EventType "swiss"]

1. e4 d6 2. d4 Nf6 3. Nc3 g6 4. f4 Bg7 5. Nf3 O-O 6. Bd3 Na6 7. e5 Nd7 8. Be3 c5
9. Bxa6 bxa6 10. dxc5 Nxc5 11. O-O Rb8 12. Rb1 Bb7 13. exd6 exd6 14. Bd4 Bh6 15.
f5 Re8 16. b4 Ne4 17. Qd3 Nxc3 18. Bxc3 Be4 19. Qd4 Qb6 20. Kh1 Qxd4 21. Nxd4
Rbc8 22. fxg6 hxg6 23. Bb2 Bg7 24. Rf2 Rc4 25. Rd1 Rxb4 26. c3 Ra4 27. a3 Ra5
28. h3 Rg5 29. Rdd2 Bxg2+ 0-1

[Event "34th Zalakaros Open 2015"]
[Site "Zalakaros HUN"]
[Date "2015.05.18"]
[Round "5.26"]
[White "Sagar, Shah"]
[Black "Nomin-Erdene, Davaademberel"]
[Result "1-0"]
[WhiteTitle "IM"]
[BlackTitle "WFM"]
[WhiteElo "2436"]
[BlackElo "2337"]
[WhiteFideId "5022509"]
[BlackFideId "4900782"]
[EventDate "2015.05.14"]
[EventType "swiss"]

1. Nf3 d5 2. g3 c6 3. Bg2 Nf6 4. O-O Bg4 5. d4 e6 6. Nbd2 Nbd7 7. Re1 Be7 8. e4
dxe4 9. Nxe4 Nxe4 10. Rxe4 Bf5 11. Re1 Qb6 12. Re3 a5 13. Rb3 Qa6 14. Bf1 Qa7
15. a4 Rd8 16. Bf4 O-O 17. Qe2 Rc8 18. Be3 c5 19. Rb5 b6 20. Bg2 Rfd8 21. c3 Qc7
22. Bf4 Bd6 23. Bxd6 Qxd6 24. Rd1 Nf6 25. Ne5 Qc7 26. g4 Bg6 27. dxc5 Rxd1+ 28.
Qxd1 Qxe5 29. cxb6 Qf4 30. b7 Rb8 31. Rc5 Rf8 32. Rc8 1-0

[Event "34th Zalakaros Open 2015"]
[Site "Zalakaros HUN"]
[Date "2015.05.18"]
[Round "5.27"]
[White "Rigo, Janos"]
[Black "Meszaros, Tamas"]
[Result "1/2-1/2"]
[WhiteTitle "IM"]
[BlackTitle "IM"]
[WhiteElo "2264"]
[BlackElo "2421"]
[WhiteFideId "700371"]
[BlackFideId "717410"]
[EventDate "2015.05.14"]
[EventType "swiss"]

1. e4 e5 2. Nf3 Nc6 3. Bb5 a6 4. Ba4 Nf6 5. O-O Be7 6. d3 d6 7. c3 O-O 8. h3 b5
9. Bc2 Bb7 10. a4 Qd7 11. axb5 axb5 12. Rxa8 Rxa8 13. Na3 b4 14. Nc4 Ra1 15. Qe2
Ba6 16. Bb3 Bxc4 17. Bxc4 Na5 18. cxb4 Nxc4 19. dxc4 Qa4 20. Bd2 Rxf1+ 21. Kxf1
Qa1+ 22. Be1 Qb1 23. Nd2 Qxb2 24. b5 Nd7 25. Qg4 Nb6 26. Qe2 Qc1 27. Nb3 Qxc4
28. Qxc4 Nxc4 29. Ba5 Nxa5 30. Nxa5 Kf8 31. Ke2 Ke8 32. Kd3 Kd7 33. Kc4 Ke6 34.
Nc6 Bg5 35. Nb4 Bd2 36. Nc6 h5 37. Nd8+ Ke7 38. Nc6+ Ke6 39. Nd8+ Kd7 40. Nc6
Be1 41. f3 Kc8 42. Kd5 Bh4 43. Na5 Be1 44. Nc6 Bf2 45. Na5 Bb6 46. Nc6 Kd7 47.
Nb8+ Kc8 48. Nc6 g6 49. Kc4 Kd7 50. Kd5 h4 51. Nb8+ Kc8 1/2-1/2

[Event "34th Zalakaros Open 2015"]
[Site "Zalakaros HUN"]
[Date "2015.05.18"]
[Round "5.28"]
[White "Schachinger, Mario"]
[Black "Gulamali, Kazim"]
[Result "0-1"]
[WhiteTitle "IM"]
[BlackTitle "FM"]
[WhiteElo "2421"]
[BlackElo "2309"]
[WhiteFideId "1616773"]
[BlackFideId "2024764"]
[EventDate "2015.05.14"]
[EventType "swiss"]

1. d4 Nf6 2. c4 e6 3. Nc3 Bb4 4. Qc2 b6 5. e4 c5 6. d5 Qe7 7. Bg5 exd5 8. Bxf6
Qxf6 9. cxd5 O-O 10. Nf3 d6 11. Bd3 a6 12. O-O Bg4 13. e5 Qh6 14. Be4 Nd7 15. e6
Nf6 16. h3 Bh5 17. g4 Qf4 18. Qd2 Qxd2 19. Nxd2 Bg6 20. Bxg6 hxg6 21. Nde4 fxe6
22. dxe6 Bxc3 23. Nxc3 Rae8 24. Rfe1 d5 25. g5 Nh7 26. h4 Rf5 27. Rac1 d4 28.
Na4 d3 29. Rcd1 b5 30. Nb6 c4 31. Re4 Rc5 32. Rde1 Rc6 33. Nd5 Rd6 34. Re5 Nf8
35. Nf4 b4 36. e7 Nd7 37. Rd5 Rxd5 38. Nxd5 a5 39. Kf1 Nc5 40. Re3 Na4 41. Nc7
Kf7 42. Rf3+ Kxe7 43. Re3+ Kd7 44. Nxe8 Nxb2 45. Re4 c3 46. Rd4+ Kxe8 47. Ke1 a4
48. f4 b3 49. a3 d2+ 50. Ke2 d1=Q+ 51. Rxd1 Nxd1 52. Kxd1 Kf7 0-1

[Event "34th Zalakaros Open 2015"]
[Site "Zalakaros HUN"]
[Date "2015.05.18"]
[Round "5.29"]
[White "Nagy, Gabor1"]
[Black "Reznak, Attila"]
[Result "1/2-1/2"]
[WhiteTitle "IM"]
[WhiteElo "2396"]
[BlackElo "2304"]
[WhiteFideId "737119"]
[BlackFideId "727407"]
[EventDate "2015.05.14"]
[EventType "swiss"]

1. Nf3 Nf6 2. c4 c6 3. d4 d5 4. Nc3 e6 5. g3 Nbd7 6. Bg2 Bd6 7. O-O O-O 8. Qd3
dxc4 9. Qxc4 e5 10. Rd1 Qe7 11. Qb3 h6 12. Nh4 Re8 13. Nf5 Qf8 14. Nxd6 Qxd6 15.
d5 cxd5 16. Nxd5 Nxd5 17. Bxd5 Qe7 18. Bd2 Nb6 19. Bb4 Qf6 20. Be4 Bg4 21. Rd6
Re6 22. Rd2 Bf5 23. Bxb7 Rb8 24. Bg2 e4 25. Qc3 Qg6 26. Qc7 Rc8 27. Rd8+ Rxd8
28. Qxd8+ Kh7 29. Qd4 Rc6 30. Bc5 Qe6 31. b3 Nd7 32. Bxa7 Rc2 33. Qd1 Qc6 34.
Be3 Ne5 35. Rc1 Rxc1 36. Qxc1 Qb5 37. Qc2 Qb4 38. Qd2 Qb5 39. h3 h5 40. Qd4 Ng6
41. Qc5 Qd7 42. a4 h4 43. g4 Be6 44. Qc2 f5 45. gxf5 Bxf5 46. Bxe4 Bxe4 47. Qxe4
Qxh3 48. a5 Qc8 49. b4 Qa6 50. Qg4 Kg8 51. b5 Qf6 52. a6 Ne5 53. Qc8+ Kh7 54.
Qc2+ Ng6 55. Qe4 h3 56. a7 Qd6 57. a8=Q h2+ 58. Kh1 Qd1+ 59. Kxh2 Qg1+ 60. Kh3
Qg3+ 61. Kxg3 1/2-1/2

[Event "34th Zalakaros Open 2015"]
[Site "Zalakaros HUN"]
[Date "2015.05.18"]
[Round "5.30"]
[White "Dragnev, Valentin"]
[Black "Dankhazi, Andras"]
[Result "1-0"]
[WhiteTitle "FM"]
[BlackTitle "FM"]
[WhiteElo "2385"]
[BlackElo "2223"]
[WhiteFideId "1634852"]
[BlackFideId "714267"]
[EventDate "2015.05.14"]
[EventType "swiss"]

1. e4 e5 2. Nf3 Nc6 3. Nc3 Nf6 4. d4 exd4 5. Nxd4 Bb4 6. Nxc6 bxc6 7. Bd3 O-O 8.
O-O d5 9. exd5 cxd5 10. h3 c6 11. Qf3 Bd6 12. Bf4 Rb8 13. b3 Rb4 14. Bxd6 Qxd6
15. Rfe1 Bd7 16. Qg3 Qxg3 17. fxg3 Be6 18. g4 a5 19. Na4 Nd7 20. Rac1 c5 21. c4
dxc4 22. Bxc4 Bxc4 23. Rxc4 Rxc4 24. bxc4 Rb8 25. Rd1 Ne5 26. Rd5 f6 27. Rxc5
Rb1+ 28. Kh2 Rb4 29. Rxa5 Rxc4 30. Nb6 Rc2 31. Ra3 g5 32. Nd5 Ng6 33. Ra7 h6 34.
Nxf6+ Kf8 35. Nh7+ Kg8 36. Nf6+ Kf8 37. Nd5 Nh4 38. Ne3 Re2 39. Ra3 Nf3+ 40. Kg3
Ne1 41. h4 gxh4+ 42. Kh3 Kf7 43. g3 hxg3 44. Kxg3 Nc2 45. Ra7+ Kg6 46. Nd5 Re5
47. Nf4+ Kg5 48. Rg7+ Kf6 49. Rg6+ Kf7 50. Ra6 Nb4 51. Ra7+ Kg8 52. a4 Nd5 53.
Ra5 Re3+ 54. Kf2 1-0

[Event "34th Zalakaros Open 2015"]
[Site "Zalakaros HUN"]
[Date "2015.05.18"]
[Round "5.31"]
[White "Madl, Ildiko"]
[Black "Bodi, Tibor"]
[Result "1-0"]
[WhiteTitle "IM"]
[WhiteElo "2356"]
[BlackElo "2204"]
[WhiteFideId "700550"]
[BlackFideId "701084"]
[EventDate "2015.05.14"]
[EventType "swiss"]

1. e4 g6 2. d4 Bg7 3. Nc3 d6 4. Be3 f5 5. exf5 Bxf5 6. g4 Bd7 7. Bg2 Nc6 8. h3
e6 9. Nge2 Nf6 10. Qd2 Qe7 11. O-O-O O-O-O 12. a3 Qf7 13. Rhe1 Kb8 14. Ng3 Nd5
15. Nxd5 exd5 16. Ne2 h5 17. Nf4 Ne7 18. f3 Rdf8 19. Kb1 Nc6 20. Qd3 Rh6 21. c3
g5 22. Ne2 Bf6 23. Ng3 Bd8 24. Ka2 h4 25. Nh5 Ne5 26. dxe5 d4+ 27. c4 dxe3 28.
f4 gxf4 29. Nxf4 dxe5 30. Nd5 Be6 31. Qxe3 Rg6 32. Rf1 Qg8 33. Rxf8 Qxf8 34. Qe4
Rg7 35. Nb4 c5 36. Qxe5+ Rc7 37. Na6+ bxa6 38. Qxe6 1-0

[Event "34th Zalakaros Open 2015"]
[Site "Zalakaros HUN"]
[Date "2015.05.18"]
[Round "5.32"]
[White "Tantsiura, Maria"]
[Black "Morrison, Graham SCO"]
[Result "1/2-1/2"]
[WhiteTitle "WIM"]
[BlackTitle "FM"]
[WhiteElo "2262"]
[BlackElo "2351"]
[WhiteFideId "14124327"]
[BlackFideId "2400090"]
[EventDate "2015.05.14"]
[EventType "swiss"]

1. e4 c5 2. Nf3 e6 3. d4 cxd4 4. Nxd4 Nc6 5. Nc3 d6 6. Bc4 Nf6 7. Be3 Be7 8. a3
O-O 9. Ba2 a6 10. O-O Nxd4 11. Bxd4 b5 12. f4 Bb7 13. Qd3 Rc8 14. Rae1 d5 15.
Bxf6 Bxf6 16. e5 Be7 17. Ne2 Bc5+ 18. Kh1 g6 19. c3 Qb6 20. Qg3 Kh8 21. Qh4 Qd8
22. Qh3 Qe7 23. Bb1 Rc7 24. Rd1 a5 25. b4 Bb6 26. Rd3 Rfc8 27. Rg3 Bc6 28. Rg4
Rg8 29. Qd3 f5 30. Rg3 1/2-1/2

[Event "34th Zalakaros Open 2015"]
[Site "Zalakaros HUN"]
[Date "2015.05.18"]
[Round "5.33"]
[White "Kozak, Adam"]
[Black "Laza, Szabolcs"]
[Result "1-0"]
[WhiteTitle "FM"]
[WhiteElo "2341"]
[BlackElo "2176"]
[WhiteFideId "753246"]
[BlackFideId "741345"]
[EventDate "2015.05.14"]
[EventType "swiss"]

1. d4 d5 2. c4 c6 3. Nc3 dxc4 4. a4 e5 5. dxe5 Qxd1+ 6. Nxd1 Nd7 7. Nf3 Nc5 8.
Nd4 Ne4 9. Nc3 Bb4 10. Bd2 Nxd2 11. Kxd2 Bd7 12. e3 b5 13. g3 a6 14. axb5 cxb5
15. Bg2 Ra7 16. Nc6 Rc7 17. Nxb4 1-0

[Event "34th Zalakaros Open 2015"]
[Site "Zalakaros HUN"]
[Date "2015.05.18"]
[Round "5.34"]
[White "Kaczur, Florian"]
[Black "Warakomska, Anna"]
[Result "1/2-1/2"]
[BlackTitle "WFM"]
[WhiteElo "2336"]
[BlackElo "2260"]
[WhiteFideId "705098"]
[BlackFideId "1130790"]
[EventDate "2015.05.14"]
[EventType "swiss"]

1. e4 e5 2. Nf3 Nc6 3. c3 d5 4. d3 dxe4 5. dxe4 Qxd1+ 6. Kxd1 Nf6 7. Bd3 Bg4 8.
Nd2 Bc5 9. Ke2 O-O-O 10. Bc2 h6 11. h3 Be6 12. b4 Bd6 13. Bb2 Nd7 14. Bb3 Rhe8
15. Nc4 Nb6 16. Ne3 Bf8 17. h4 a5 18. b5 Nb8 19. Bxe6+ Rxe6 20. c4 N8d7 21. Bc3
Bc5 22. Bxa5 Bxe3 23. fxe3 Nxc4 24. Bb4 Nf6 25. Rhc1 Nd6 26. Bxd6 Rexd6 27. Rc4
Ng4 28. Rac1 R8d7 29. R1c3 Kd8 30. Ra4 Rd1 31. Ra8+ Ke7 32. Ra7 Rb1 33. Rxb7
Rb2+ 34. Ke1 Rb1+ 35. Ke2 1/2-1/2

[Event "34th Zalakaros Open 2015"]
[Site "Zalakaros HUN"]
[Date "2015.05.18"]
[Round "5.36"]
[White "Nemeth, Zoltan"]
[Black "Marosi, Levente"]
[Result "0-1"]
[WhiteTitle "IM"]
[BlackTitle "FM"]
[WhiteElo "2306"]
[BlackElo "2153"]
[WhiteFideId "700657"]
[BlackFideId "747181"]
[EventDate "2015.05.14"]
[EventType "swiss"]

1. c4 g6 2. Nc3 Bg7 3. g3 d6 4. Bg2 c5 5. e4 Nc6 6. d3 e5 7. Rb1 Nge7 8. a3 O-O
9. h4 h5 10. Nh3 Nd4 11. b4 b6 12. Bg5 f6 13. Be3 Rb8 14. bxc5 dxc5 15. Nd5 Nxd5
16. cxd5 f5 17. Bg5 Qd6 18. f4 fxe4 19. dxe4 Bg4 20. Qd2 Nf3+ 21. Bxf3 Bxf3 22.
O-O Bxe4 23. Rbe1 Qxd5 24. Qxd5+ Bxd5 25. fxe5 Rxf1+ 26. Kxf1 Re8 27. Nf4 Bc4+
28. Kg2 Rxe5 29. Rxe5 Bxe5 30. Nxg6 Bb2 31. a4 Bb3 32. Nf4 Bxa4 33. Nxh5 Bc6+
34. Kf1 a5 35. Ke1 a4 36. Kd2 a3 37. Kc2 Be4+ 38. Kb3 c4+ 39. Ka2 Kf7 40. Nf4 c3
41. Kb3 Bb1 42. Bf6 a2 43. Bxc3 Bxc3 0-1

[Event "34th Zalakaros Open 2015"]
[Site "Zalakaros HUN"]
[Date "2015.05.18"]
[Round "5.37"]
[White "Peczely, Sebastian Zsombor"]
[Black "Banas, Jan"]
[Result "1/2-1/2"]
[BlackTitle "IM"]
[WhiteElo "2260"]
[BlackElo "2281"]
[WhiteFideId "750964"]
[BlackFideId "14900076"]
[EventDate "2015.05.14"]
[EventType "swiss"]

1. e4 c5 2. Nf3 Nc6 3. d4 cxd4 4. Nxd4 Nf6 5. Nc3 d6 6. Bg5 e6 7. Qd2 a6 8.
O-O-O Bd7 9. f3 Nxd4 10. Qxd4 Be7 11. h4 Bc6 12. g4 h6 13. Be3 Nd7 14. Kb1 Qa5
15. Be2 b5 16. g5 hxg5 17. hxg5 Rxh1 18. Rxh1 Bf8 19. g6 fxg6 20. Rh8 O-O-O 21.
a4 b4 22. Qa7 Bb7 23. Rxf8 Rxf8 24. Nb5 b3 25. Nxd6+ Kc7 26. Nb5+ Kc8 27. cxb3
Qb4 28. Nc3 Qxb3 29. a5 Rh8 30. Bxa6 Rh1+ 31. Bc1 Bxa6 32. Qxa6+ Kd8 33. Qd3 Kc8
34. Qa6+ Kd8 35. Qd3 Kc8 36. Qd4 Rh2 37. Qd3 Nc5 38. Qd4 Qc2+ 39. Ka2 Qb3+ 40.
Kb1 Qc2+ 41. Ka2 Qb3+ 1/2-1/2